00314nam a2200109Ia 4500008004100000020001800041082002000059100003400079245006700113250001600180300000800196210430s9999 xx 000 0 und d a81-265-0927-9 a660.2842 S4381S aJ.D. Seader, Ernest J. Henley aSeparation Process Principles /cJ.D. Seader, Ernest J. Henley a2nd edition a756